| 000 | 00931nam a22003617a 4500 | ||
|---|---|---|---|
| 005 | 20240611111233.0 | ||
| 008 | 220518s2022 cat | ||
| 017 | _aB-5841-2022 | ||
| 020 | _a9788412481938 | ||
| 040 | _ctermcat | ||
| 041 | _acat | ||
| 100 |
_975171 _aSalat, Salvador |
||
| 245 |
_aDiccionari de la transició energètica: Energia de la A a la Z _cSalvador Salat |
||
| 260 |
_aBarcelona _bClipmèdia Edicions _c2022 |
||
| 300 | _a222 p. | ||
| 365 |
_b17.95 _c€ |
||
| 520 | _a117 | ||
| 546 | _acatalà | ||
| 591 | _a10883 | ||
| 592 | _aObra terminològica | ||
| 593 | _aDN | ||
| 593 | _aDNG | ||
| 593 | _aGQ | ||
| 594 | _a10883 | ||
| 650 | 0 |
_961514 _aenergia |
|
| 650 | 0 |
_967242 _agestió ambiental |
|
| 650 | 0 |
_969375 _acanvi climàtic |
|
| 852 | _cGQ 52 | ||
| 902 | _a220518 | ||
| 942 |
_2ddc _cMO _n0 |
||
| 999 |
_c68154 _d68154 |
||